| 000 | 00569nam a2200181 4500 | ||
|---|---|---|---|
| 001 | 120862 | ||
| 003 | ES-MaACL | ||
| 005 | 20230906191634.0 | ||
| 007 | t| | ||
| 008 | 070214s1977 sp r ||||1| cat d | ||
| 100 | 1 |
_aPrat y Pons, Ramón. _993678 |
|
| 245 | 1 | 0 |
_aFe i Universitat d'avui _b: informe teoláogic / _cRamón Prat i Pons ; práoleg de Josep M. Rovira i Belloso. |
| 250 | _a1ª ed. | ||
| 260 |
_aBarcelona : _bNova Terra, _c1977. |
||
| 300 |
_a448 p. ; _c20 cm. |
||
| 700 | 0 |
_aRovira Belloso, Josep Maria. _9100143 |
|
| 852 |
_aES-MaACL _jA-6586 _bR.95708 |
||
| 999 |
_c120862 _d120862 |
||